| 000 | 01078 a2200217 4500 | ||
|---|---|---|---|
| 020 | _a0471592137 | ||
| 020 | _a9780471592136 | ||
| 082 | 0 | 4 | _a658.4033 |
| 090 |
_c3888 _d3888 |
||
| 100 | 1 | _aJohnson, Richard A. | |
| 245 | 1 | 0 |
_aBusiness statistics : _bdecision making with data / _cRichard A. Johnson. |
| 250 | _a1st ed. | ||
| 260 |
_a[S.l.] : _bWiley, _c1996. |
||
| 300 |
_a784 p. ; _c27 cm. |
||
| 500 | _aHardcover. | ||
| 520 | _aThis book helps readers understand the reasoning by which findings from sample data can be extended to general conclusions to solve business problems. It discusses statistical methods and includes an explanation of their underlying assumptions and the dangers of ignoring them. It emphasizes the use of computers for calculations and provides numerous data sets and computer outputs. | ||
| 700 | 1 | _aWichern, Dean W. | |
| 856 | 4 | 0 |
_3Amazon.com _uhttp://www.amazon.com/exec/obidos/ASIN/0471592137/chopaconline-20 |
| 856 | 4 | 0 |
_3Amazon customer reviews _uhttp://www.chopac.org/cgi-bin/tools/azrev.pl?q=0471592137 |
| 942 |
_aNBS _cBK _k658.4033 JOH |
||
| 999 |
_c346349 _d346349 |
||